Sports Quiz

Random Sports or Olympics Quiz

Non-Olympic 40-goal scorers Quiz Stats

 Plays Quiz not verified by Sporcle

Challenge
Share
Tweet
Embed
Score 0/10 Timer 10:00
0 Plays Today
Current team Answer % Correct
CarolinaEric Staal
95.6%
PittsburghJames Neal
82.2%
BostonJarome Iginla
77.5%
PhiladelphiaVincent Lecavalier
71%
CarolinaAlexander Semin
69.6%
MinnesotaDany Heatley
68.8%
MontrealBrian Gionta
59.4%
DetroitTodd Bertuzzi
56.5%
Tampa BayMartin St. Louis
44.3%
FloridaBrad Boyes
40.3%

You're not logged in!

Compare scores with friends on all Sporcle quizzes.
OR
Log In

You Might Also Like...

Show Comments

Extras

Created Jan 7, 2014ReportNominate
Tags:NHL Quiz, Olympics Quiz

Top Quizzes Today


Score Distribution

Your Account Isn't Verified!

In order to create a playlist on Sporcle, you need to verify the email address you used during registration. Go to your Sporcle Settings to finish the process.

Report this User

Report this user for behavior that violates our Community Guidelines.

Details: